000 02990cam a22011894i 4500
003 PE-LiUPU
005 20250813185340.0
008 161125s r 000 0 spa d
035 _a(Sirsi) a165377
040 _aPE-LiUPU
040 _aPE-LiUPU
_bspa
_cPE-LiUPU
_erda
049 _aPRUA
082 0 4 _a363.100
_bA22
100 1 _aAcuña Valencia, Carlos,
_eautor.
245 _aGestión Avanzada de riesgos en proyectos :
_bMás allá de la certificación PMI-RMP /
_cCarlos Acuña Valencia.
264 _aLima :
_bPM certifica ;
_c2016
300 _a359 páginas ;
_c24 centímetros.
336 _text
_2rdacontent
337 _unmediated
_2rdamedia
338 _volume
_2rdacarrier
505 0 _aIntroducción -- Conceptos fundamentales -- Planificar la gestión de los riesgos -- Identificar los riesgos -- Realizar el análisis cualitativo de riesgos -- Realizar el análisis cuantitativo de riesgos -- Planificar la respuesta a los riesgos -- Controlar los riesgos -- Anexos.
526 _aP202
526 _aP201
526 _aP163
526 _aP162
526 _aP161
526 _aP160
526 _aP148
526 _aP147
526 _aP146
526 _aP145
526 _aP144
526 _aP143
526 _aP142
526 _aP141
526 _aP140
526 _aP139
526 _aP138
526 _aP137
526 _aP136
526 _aP135
526 _aP134
526 _aP133
526 _aP129
526 _aP128
526 _aP127
526 _aP120
526 _aP119
526 _aP118
526 _aP116
526 _aP115
526 _aP114
526 _aP110
526 _aP109
526 _aP108
526 _aP104
526 _aP103
526 _aP102
526 _aP99
526 _aP98
526 _aP97
526 _aP96
526 _aP95
526 _aP93
526 _aP90
526 _aP89
526 _aP88
526 _aP83
526 _aP82
526 _aP62
526 _aP59
526 _aP58
526 _aP57
526 _aP51
526 _aP49
526 _aP48
526 _aP47
526 _aP29
526 _aP24
526 _aP20
526 _aP19
526 _aP17
526 _aP15
526 _aP14
526 _aP12
526 _aP10
526 _aP09
526 _aP08
526 _aP07
526 _aP06
526 _aP05
526 _aP04
526 _aP01
541 _g001-002013;
650 0 4 _ariesgos.
650 0 4 _acontrol de riesgos.
650 0 4 _aAnálisis de riesgos.
700 1 _aGordillo Otárola, Víctor,
_eautor.
596 _a1
942 _2ddc
_cBOOK
999 _a363.100 A22
_wDEWEY
_c14163
_i75281
_d14163
_e2022-5-23
_f2021-11-8
_g5
_lCCODEBUL1
_mBUL
_n1
_p23.39
_r0
_sY
_tBOOK
_u2016-11-25
_xEDUCACION
_zUNKNOWN
_0COMPRA
_o.STAFF. Colección Ciencias de la Salud.
980 _81
_gALBERTO SANCHEZ Responsable de Automatización